| 000 | 00627nam a2200229 4500 | ||
|---|---|---|---|
| 003 | OSt | ||
| 005 | 20260601193528.0 | ||
| 008 | 260418b1979 sp a|||| |||| 00| 0 spa d | ||
| 020 | _a842520934X | ||
| 040 |
_aICI _bspa _cICI |
||
| 050 |
_a NK1390 _bL56 |
||
| 100 | 1 |
_aLlovet, Jordi _d1947 _936034 |
|
| 245 | 1 |
_aIdeología y Metodología del Diseño _cJordi Llovet |
|
| 264 |
_bGustavo Gili _c1979 _aBarcelona |
||
| 300 |
_a161 páginas _bilustraciones |
||
| 336 |
_atexto _2rdacontent |
||
| 337 |
_asin medio _2rdamedia |
||
| 338 |
_avolumen _2rdacarrier |
||
| 490 | _aGG Diseño | ||
| 650 |
_aDiseño _936035 |
||
| 942 |
_2ddc _cB |
||
| 999 |
_c21251 _d21251 |
||